Movies Quiz

Random Movies or Oscar Quiz

Two-Word Best Pictures by Image Quiz Stats

 Plays Quiz Updated Jun 22, 2017

Support Sporcle.
Go Orange.
Score 0/18 Timer 07:00
2 Plays Today
% Correct
Forrest Gump
95.9%
Slumdog Millionaire
95.8%
The Godfather
95.4%
Rain Man
86.1%
American Beauty
84.3%
Schindler's List
80%
Annie Hall
77.1%
The Departed
69.1%
Green Book
63.5%
% Correct
Midnight Cowboy
54.7%
The Sting
53.2%
The Artist
52.5%
Ordinary People
39.9%
The Apartment
39.1%
Mrs. Miniver
14.7%
Grand Hotel
14.5%
Gentleman's Agreement
12.8%
Tom Jones
12.8%

You're not logged in!

Compare scores with friends on all Sporcle quizzes.
OR
Log In
Forgot?

From the Vault

Countries: After 'N'

by eyes355

That N, always trying to be first.
Remove Ads.
Support Sporcle.
Get the best of Sporcle when you Go Orange. This ad-free experience offers more features, more stats, and more fun while also helping to support Sporcle. Thank you for becoming a member.

Show Comments

Extras

Top Quizzes Today


Score Distribution

Your Account Isn't Verified!

In order to create a playlist on Sporcle, you need to verify the email address you used during registration. Go to your Sporcle Settings to finish the process.

Report this User

Report this user for behavior that violates our Community Guidelines.

Details: